000 00341 a2200109 4500
001 ART_61718
005 20260410161823.0
008 260409a
245 1 0 _aExteriorización de activos, lavado y evasión
100 1 _aVega, Gerardo E.
773 0 _tDoctrina Penal Tributaria y Económica
_g- Nº 74 (dic. 2024)
_wREV4317
999 _c22566
_d22566